000 00760nam a2200169Ia 4500
005 20250424120308.0
008 250424s9999 xx 000 0 und d
022 _a26353091
050 _aPE 1404 .N37/
245 0 _aNasarawa journal of multimedia and communication studies
260 _aKeffi, Nigeria
260 _bVast publishers
260 _c2018
300 _avi, 310 p. ; 25 cm.
650 _aEnglish language--Rhetoric--Computer-assisted instruction. English language--Rhetoric--Study and teaching. English language--Composition and exercises--Computer-assisted instruction. Report writing--Computer-assisted instruction. Electronic portfolios in education. Multimedia systems. Distance education--Computer-assisted instruction.
942 _cSR
999 _c38495
_d38495